Phật giáo ấn độ giáo đạo giáo thiên

Đã lưu trong:
書目詳細資料
格式: 圖書
標簽: 添加標簽
沒有標簽, 成為第一個標記此記錄!
Thư viện lưu trữ: Mạng thư viện Đại học Đà Nẵng
LEADER 00395nam a22001571a 4500
001 000035813
003 12105
005 20160318111220.0
008 160318s0 000
245 |a Phật giáo ấn độ giáo đạo giáo thiên 
OWN |a LNN 
999 |a From the UDN01 
TYP |a Monograph 
980 |a Mạng thư viện Đại học Đà Nẵng